<?xml version="1.0" encoding="UTF-8"?><?xml-stylesheet type="text/xsl" href="static/style.xsl"?><OAI-PMH xmlns="http://www.openarchives.org/OAI/2.0/" xmlns:xsi="http://www.w3.org/2001/XMLSchema-instance" xsi:schemaLocation="http://www.openarchives.org/OAI/2.0/ http://www.openarchives.org/OAI/2.0/OAI-PMH.xsd"><responseDate>2026-04-18T01:23:20Z</responseDate><request verb="GetRecord" identifier="oai:www.recercat.cat:10459.1/466179" metadataPrefix="marc">https://recercat.cat/oai/request</request><GetRecord><record><header><identifier>oai:recercat.cat:10459.1/466179</identifier><datestamp>2025-10-27T19:08:17Z</datestamp><setSpec>com_2072_3622</setSpec><setSpec>col_2072_479130</setSpec></header><metadata><record xmlns="http://www.loc.gov/MARC21/slim" xmlns:dcterms="http://purl.org/dc/terms/" xmlns:xsi="http://www.w3.org/2001/XMLSchema-instance" xmlns:doc="http://www.lyncode.com/xoai" xsi:schemaLocation="http://www.loc.gov/MARC21/slim http://www.loc.gov/standards/marcxml/schema/MARC21slim.xsd">
   <leader>00925njm 22002777a 4500</leader>
   <datafield ind2=" " ind1=" " tag="042">
      <subfield code="a">dc</subfield>
   </datafield>
   <datafield ind2=" " ind1=" " tag="720">
      <subfield code="a">Sabaté Dalmau, Maria</subfield>
      <subfield code="e">author</subfield>
   </datafield>
   <datafield ind2=" " ind1=" " tag="260">
      <subfield code="c">2024-07-09</subfield>
   </datafield>
   <datafield ind2=" " ind1=" " tag="520">
      <subfield code="a">Catalonia has become a rich site to investigate minorised-language identity, with the reemergence of a movement calling for independence. Our case study analyses how pro-/anti-secessionist protests are (counter)-fought in urban Linguistic Landscapes. We approach LLs as identity-markers and place-makers delivering messages of political subversion/dominance where majority/minorised-language choice and utopian/dystopian discourse become crucial for understanding their meanings during social upheaval, with renewed nationalist protests linked to an independence Referendum. We employed a content analysis based on a semiotic/semantic interpretation and thematic categorisation of the data. We show that two antithetical “Catalans”/“Spaniards” identities reemerge which mobilise either utopian projects written in Catalan or dystopian visions in Spanish, through intertextuality. The former, categorised as pro-independence “political resistance LLs,” project a hopeful impossible to extend a liberating possible. The latter, pro-unionist “threats to Catalan protesters LLs,” reinstate order, enforcing the suppression of dissent. This reveals that ethnolinguistic identities are newly reconfigured/resignified, unpacking how a social-semiotics focus on language choice and utopia/dystopia can prefigure social conflict development.</subfield>
   </datafield>
   <datafield ind2=" " ind1=" " tag="520">
      <subfield code="a">This work was supported by the Spanish Ministry of Science and Innovation under Grant PID2022-137554NB-I00; and Agency for Management of University and Research Grants under Grant 2021-SGR-00581.</subfield>
   </datafield>
   <datafield tag="653" ind2=" " ind1=" ">
      <subfield code="a">Linguistic landscapes</subfield>
   </datafield>
   <datafield tag="653" ind2=" " ind1=" ">
      <subfield code="a">Social conflict</subfield>
   </datafield>
   <datafield tag="653" ind2=" " ind1=" ">
      <subfield code="a">Nationalism</subfield>
   </datafield>
   <datafield tag="653" ind2=" " ind1=" ">
      <subfield code="a">Majority/minorised-language identity</subfield>
   </datafield>
   <datafield tag="653" ind2=" " ind1=" ">
      <subfield code="a">Utopian/ dystopian discourse</subfield>
   </datafield>
   <datafield tag="653" ind2=" " ind1=" ">
      <subfield code="a">Catalonia</subfield>
   </datafield>
   <datafield ind2="0" ind1="0" tag="245">
      <subfield code="a">Political protest landscapes in Catalonia: language choice, utopian/dystopian discourse and “Catalans”-“Spaniards” identities</subfield>
   </datafield>
</record></metadata></record></GetRecord></OAI-PMH>